Vrai ou faux ? Facile - Statistiques

Statistiques générales
  • Ce quiz a été pris 308 fois
  • Le résultat moyen est 5 sur 11
Statistiques - réponses
Question Réponse % Correct
Le coeur d'une crevette est logé dans sa tête. Vrai
78%
À travers le monde, 23% des problèmes aux photocopieurs sont causés par des gens qui s'assoient sur l'appareil pour photocopier leur derrière. Vrai
67%
Le briquet a été inventé avant l'allumette. Vrai
56%
La plupart des "rouges à lèvres" contiennent des écailles de crocodile. Faux
48%
Le plus jeune Pape était âgé de 10 ans. Faux
41%
Les gilets pare-balles, les escaliers de secours, les essuie-glace, les imprimantes laser ont tous été inventés par des hommes. Faux
41%
Les rats se multiplient si rapidement qu'en 10 mois, un couple de rat peut avoir plus d'un million de descendants. Faux
37%
À l'origine, le Coca-Cola était vert. Vrai
37%
F.U.C.K. signifie Fornication Under Consent of King. Vrai
37%
G.O.L.F signifie Gentlemen Only, Ladies Forbidden. Vrai
26%
Plus de 50% des gens, à travers le monde, n'ont jamais fait ou n'ont jamais reçu d'appels téléphoniques. Vrai
22%
Aucun quiz correspondant
Distribution des résultats
% des personnes avec chaque résultat
Percentile par nombre de réponses
Votre historique - résultats
Vous n’avez pas pris ce quiz